[Event "Titled Tuesday intern op 16th Apr Early"]
[Site "Chess.com INT"]
[Date "2024.04.16"]
[Round "4"]
[White "Nurgaliyeva, Zarina"]
[Black "Kourkoulos Arditis, Stamatis"]
[Result "1-0"]
[WhiteElo "2109"]
[BlackElo "2572"]
[PlyCount "91"]
[EventDate "2024.04.16"]
[EventType "swiss (blitz)"]
[EventRounds "11"]
[EventCountry "USA"]
[SourceTitle "CB17_2024"]
[SourceDate "2024.04.24"]
[SourceVersion "1"]
[SourceVersionDate "2024.04.24"]
[SourceQuality "1"]

1. e4 c5 2. Nf3 d6 3. Bb5+ Nd7 4. d4 cxd4 5. Qxd4 a6 6. Bxd7+ Bxd7 7. 0-0 Rc8 8. c4 e5 9. Qd3 b5 10. Na3 Qb6 11. Be3 Qb7 12. cxb5 axb5 13. Rfe1 h6 14. Bd2 Nf6 15. Bb4 Rd8 16. Nb1 Be7 17. Nc3 0-0 18. Nxe5 Be6 19. Qxb5 Qc7 20. Ba5 Qc8 21. Bxd8 Bxd8 22. Nf3 Qa8 23. a4 Bc7 24. Reb1 Rb8 25. Qe2 Bb6 26. h3 Nh5 27. b4 Nf4 28. Qd2 g5 29. a5 Ba7 30. b5 Bc5 31. Na4 Qxe4 32. Nxc5 dxc5 33. a6 Bxh3 34. Re1 Qf5 35. a7 Ra8 36. Nh2 Bxg2 37. Qe3 Bd5 38. Qg3 Nh3+ 39. Kf1 Bc4+ 40. Re2 Nf4 41. Rae1 Nxe2 42. Rxe2 Bxe2+ 43. Kxe2 Qe6+ 44. Kf1 Qc4+ 45. Kg1 Qxb5 46. Qc7 1-0

[Event "Swiss Queens Wed #2"]
[Site "FIDE Online Arena INT"]
[Date "2024.02.07"]
[Round "6"]
[White "Nurgaliyeva, Zarina"]
[Black "Zaksaite, Salomeja"]
[Result "1-0"]
[WhiteElo "2061"]
[BlackElo "2212"]
[PlyCount "85"]
[EventDate "2024.02.07"]
[EventType "swiss (blitz)"]
[EventRounds "11"]
[EventCountry "NET"]
[SourceTitle "CB07_2024"]
[SourceDate "2024.02.14"]
[SourceVersion "1"]
[SourceVersionDate "2024.02.14"]
[SourceQuality "1"]

1. e4 c5 2. Nf3 Nc6 3. Bb5 e6 4. 0-0 Nge7 5. d4 cxd4 6. Nxd4 Nxd4 7. Qxd4 Nc6 8. Qd1 Be7 9. Be2 0-0 10. c4 d6 11. Nc3 a6 12. Be3 Bd7 13. Qd2 Rc8 14. b3 Qc7 15. Rac1 Qb8 16. Rfd1 Rfd8 17. Bb6 Rf8 18. g3 Ne5 19. f4 Ng6 20. h4 Rfe8 21. h5 Nf8 22. Bf3 Bc6 23. a4 h6 24. Kg2 Nd7 25. a5 Nxb6 26. axb6 Rcd8 27. b4 d5 28. cxd5 Bxb4 29. Qc2 exd5 30. Nxd5 Bd6 31. e5 Ba3 32. Ra1 Bf8 33. Nc7 Bxf3+ 34. Kxf3 Rc8 35. Rd7 Re7 36. Rad1 a5 37. Qf5 a4 38. Rxe7 Bxe7 39. Rd7 a3 40. Rxe7 Rf8 41. e6 a2 42. exf7+ Kh8 43. Qa5 1-0

[Event "Wch Blitz (Women)"]
[Site "Samarkand"]
[Date "2023.12.29"]
[Round "7"]
[White "Nurgaliyeva, Zarina"]
[Black "Yakubbaeva, Nilufar"]
[Result "0-1"]
[WhiteElo "2113"]
[BlackElo "2307"]
[PlyCount "134"]
[EventDate "2023.12.29"]
[EventType "swiss (blitz)"]
[EventRounds "17"]
[EventCountry "UZB"]
[SourceTitle "CB01_2024"]
[SourceDate "2024.01.03"]
[SourceVersion "1"]
[SourceVersionDate "2024.01.03"]
[SourceQuality "1"]

1. e4 c6 2. d4 d5 3. e5 Bf5 4. Nd2 e6 5. Nb3 c5 6. dxc5 Bxc5 7. Nxc5 Qa5+ 8. c3 Qxc5 9. Be3 Qc7 10. f4 Nc6 11. Nf3 Nge7 12. Be2 0-0 13. 0-0 f6 14. exf6 Rxf6 15. Nd4 Nxd4 16. Bxd4 Rg6 17. Bh5 Rh6 18. Qe2 Nc6 19. Bf2 Rf6 20. Bh4 Rff8 21. Kh1 Be4 22. Bg3 Bf5 23. Rae1 d4 24. Bg4 dxc3 25. bxc3 Rad8 26. Bxf5 exf5 27. Qc4+ Kh8 28. h4 Qf7 29. Qb5 a6 30. Qb6 Rd3 31. Kh2 Qg6 32. Rf3 Rxf3 33. gxf3 Qf7 34. Re2 h6 35. Qb3 Qd7 36. Qc2 Ne7 37. Bf2 Ng6 38. Bc5 Rc8 39. Bb4 Nxf4 40. Re7 Qd3 41. Qxd3 Nxd3 42. Bd6 Rxc3 43. Rxb7 Rc2+ 44. Kg3 Rxa2 45. Bf8 f4+ 46. Kh3 Nf2+ 47. Kg2 Nd3+ 48. Kf1 Rf2+ 49. Kg1 Rxf3 50. Bxg7+ Kg8 51. Bxh6 Rg3+ 52. Kf1 Rg6 53. Bg5 f3 54. Rd7 Ne5 55. Rd8+ Kf7 56. Kf2 Ke6 57. Ra8 Kf5 58. Kg3 Ke4 59. Re8 Rc6 60. h5 Rc2 61. Bf6 Rg2+ 62. Kh3 Kf5 63. Bxe5 Rg5 64. Bb2 f2 65. Rf8+ Ke4 66. Rxf2 Rxh5+ 67. Kg4 Rb5 0-1

[Event "Wch Rapid (Women)"]
[Site "Samarkand"]
[Date "2023.12.27"]
[Round "8"]
[White "Salimova, Nurgyul"]
[Black "Nurgaliyeva, Zarina"]
[Result "1-0"]
[WhiteElo "2426"]
[BlackElo "2113"]
[PlyCount "63"]
[EventDate "2023.12.26"]
[EventType "swiss (rapid)"]
[EventRounds "11"]
[EventCountry "UZB"]
[SourceTitle "CB01_2024"]
[SourceDate "2024.01.03"]
[SourceVersion "1"]
[SourceVersionDate "2024.01.03"]
[SourceQuality "1"]

1. d4 Nf6 2. Nf3 d5 3. c4 e6 4. g3 dxc4 5. Bg2 Nc6 6. 0-0 Rb8 7. Nc3 b5 8. Ne5 Nxe5 9. dxe5 Nd7 10. Qd4 c5 11. Qf4 Qc7 12. a4 bxa4 13. Rd1 Nxe5 14. Rxa4 f6 15. Qh4 Be7 16. Bf4 0-0 17. Bxe5 Qxe5 18. Rxa7 Rxb2 19. Be4 h6 20. Rxe7 Qxc3 21. Bg6 Rb7 22. Rxb7 Bxb7 23. Qf4 Bd5 24. e4 Bc6 25. Qd6 Qc2 26. Qxe6+ Kh8 27. Rd6 c3 28. Rxc6 Qd1+ 29. Kg2 c2 30. Qe7 Rg8 31. Qxc5 Qg4 32. Bf5 1-0

[Event "Wch Rapid (Women)"]
[Site "Samarkand"]
[Date "2023.12.26"]
[Round "3"]
[White "Nurgaliyeva, Zarina"]
[Black "Mkrtchyan, Mariam"]
[Result "1-0"]
[WhiteElo "2113"]
[BlackElo "2344"]
[PlyCount "133"]
[EventDate "2023.12.26"]
[EventType "swiss (rapid)"]
[EventRounds "11"]
[EventCountry "UZB"]
[SourceTitle "CB01_2024"]
[SourceDate "2024.01.03"]
[SourceVersion "1"]
[SourceVersionDate "2024.01.03"]
[SourceQuality "1"]

1. e4 e5 2. Nf3 Nc6 3. Nc3 Nf6 4. Bb5 Bc5 5. 0-0 d6 6. d4 exd4 7. Nxd4 Bd7 8. Nf5 Bxf5 9. exf5 h6 10. Qf3 Qd7 11. Re1+ Kf8 12. Be3 Bxe3 13. Rxe3 a6 14. Bxc6 Qxc6 15. Qf4 Kg8 16. h4 Kh7 17. g4 Rhe8 18. g5 Rxe3 19. fxe3 Nd5 20. g6+ Kh8 21. Nxd5 Qxd5 22. Rf1 f6 23. c4 Qc6 24. Qf3 Re8 25. Qxc6 bxc6 26. Rf4 c5 27. Kf2 Kg8 28. Kf3 Re5 29. Re4 Rxe4 30. Kxe4 c6 31. Kd3 Kf8 32. Kc3 Ke7 33. e4 Kd7 34. Kb3 Kc7 35. Ka4 Kb6 36. a3 a5 37. h5 Ka6 38. Kb3 Kb6 39. Ka4 Ka6 40. b4 axb4 41. axb4 Kb6 42. b5 cxb5+ 43. cxb5 Kc7 44. Kb3 Kb6 45. Ka4 Kc7 46. Kb3 Kb6 47. Kc4 Ka5 48. Kd5 Kxb5 49. Kxd6 c4 50. e5 c3 51. e6 c2 52. e7 c1Q 53. e8Q+ Kb4 54. Qb8+ Ka4 55. Qa7+ Kb3 56. Qb7+ Ka3 57. Qa7+ Kb3 58. Qb7+ Ka3 59. Qxg7 Qf4+ 60. Ke6 Qe5+ 61. Kf7 Qxf5 62. Qf8+ Kb2 63. Qb4+ Kc2 64. Qc4+ Kb2 65. Qd4+ Kc2 66. g7 Qxh5+ 67. Kf8 1-0

[Event "Titled Tuesday intern op 19th Dec Early"]
[Site "Chess.com INT"]
[Date "2023.12.19"]
[Round "2"]
[White "Nurgaliyeva, Zarina"]
[Black "Eggleston, Thomas"]
[Result "1-0"]
[WhiteElo "2113"]
[BlackElo "2188"]
[PlyCount "119"]
[EventDate "2023.12.19"]
[EventType "swiss (blitz)"]
[EventRounds "11"]
[EventCountry "USA"]
[SourceTitle "CB52_2023"]
[SourceDate "2023.12.27"]
[SourceVersion "1"]
[SourceVersionDate "2023.12.27"]
[SourceQuality "1"]

1. e4 e6 2. d4 d5 3. exd5 exd5 4. Bd3 Nf6 5. c3 c5 6. Nf3 Nc6 7. 0-0 cxd4 8. cxd4 Bg4 9. Be2 Bd6 10. h3 Bh5 11. Nc3 h6 12. Ne5 Bxe2 13. Qxe2 Nxd4 14. Qe3 Ne6 15. Re1 d4 16. Nxf7 dxe3 17. Nxd8 Rxd8 18. Bxe3 Kf7 19. Bxa7 Bc5 20. Rxe6 Bxa7 21. Re2 Rhe8 22. Rae1 Rxe2 23. Rxe2 Rd3 24. Kh2 Nd5 25. Nb5 Bb8+ 26. g3 Nc7 27. Nc3 Ne6 28. Kg2 Nd4 29. Re4 Ne6 30. Re2 h5 31. h4 g6 32. a3 Bd6 33. Nb5 Be7 34. Nc3 Bf6 35. Na4 Rb3 36. Rxe6 Kxe6 37. Nc5+ Kd5 38. Nxb3 Bxb2 39. a4 Bc3 40. f3 Kc4 41. Nc1 Kb4 42. Na2+ Kb3 43. Nxc3 Kxc3 44. g4 Kb4 45. gxh5 gxh5 46. f4 Kxa4 47. f5 b5 48. f6 b4 49. f7 b3 50. f8Q b2 51. Qf1 Kb3 52. Qb1 Kc3 53. Kg3 Kb3 54. Kf4 Kc3 55. Kg5 Kb3 56. Kxh5 Kc3 57. Kg6 Kb3 58. h5 Kc3 59. h6 Kb3 60. h7 1-0

[Event "Titled Tuesday intern op 19th Dec Early"]
[Site "Chess.com INT"]
[Date "2023.12.19"]
[Round "4"]
[White "Nurgaliyeva, Zarina"]
[Black "Hoffmann, Asa"]
[Result "0-1"]
[WhiteElo "2113"]
[BlackElo "2185"]
[PlyCount "56"]
[EventDate "2023.12.19"]
[EventType "swiss (blitz)"]
[EventRounds "11"]
[EventCountry "USA"]
[SourceTitle "CB52_2023"]
[SourceDate "2023.12.27"]
[SourceVersion "1"]
[SourceVersionDate "2023.12.27"]
[SourceQuality "1"]

1. e4 d6 2. d4 Nf6 3. Nc3 c6 4. f4 Qa5 5. Bd3 e5 6. fxe5 dxe5 7. Nf3 exd4 8. Nxd4 Qb6 9. Nb3 a5 10. Qe2 a4 11. Be3 Qb4 12. a3 axb3 13. axb4 Rxa1+ 14. Kd2 Rxh1 15. e5 bxc2 16. Kxc2 Nd5 17. Ba7 Nxb4+ 18. Kd2 N8a6 19. Nd1 Be7 20. h3 Bg5+ 21. Kc3 Nd5+ 22. Kc2 Nab4+ 23. Kb1 g6 24. Be4 0-0 25. Bc5 Re8 26. Bxd5 Nxd5 27. Ka2 Be6 28. b3 Rxd1 0-1

[Event "Titled Tuesday intern op 19th Dec Early"]
[Site "Chess.com INT"]
[Date "2023.12.19"]
[Round "3"]
[White "Zhigalko, Sergei"]
[Black "Nurgaliyeva, Zarina"]
[Result "1-0"]
[WhiteElo "2572"]
[BlackElo "2113"]
[PlyCount "93"]
[EventDate "2023.12.19"]
[EventType "swiss (blitz)"]
[EventRounds "11"]
[EventCountry "USA"]
[SourceTitle "CB52_2023"]
[SourceDate "2023.12.27"]
[SourceVersion "1"]
[SourceVersionDate "2023.12.27"]
[SourceQuality "1"]

1. e4 e5 2. Nf3 Nc6 3. Bc4 Nf6 4. d3 h6 5. 0-0 Bc5 6. Nbd2 d6 7. c3 a5 8. Re1 0-0 9. Nf1 Be6 10. Bb5 Ne7 11. d4 exd4 12. cxd4 Bb4 13. Re2 c6 14. Bd3 a4 15. Ng3 Ng6 16. a3 Ba5 17. Qxa4 Bg4 18. Qd1 Bxf3 19. gxf3 Nh4 20. Rc2 Qd7 21. Be3 Nh7 22. f4 Nf6 23. f5 Bd8 24. Kh1 b6 25. Qe2 c5 26. Rg1 Kh8 27. f3 Nh7 28. Nh5 Rg8 29. Qf2 Bg5 30. Rg4 Bxe3 31. Qxe3 cxd4 32. Qxd4 Nxf3 33. Qe3 Ne5 34. Rg3 f6 35. Bc4 d5 36. Bxd5 Rac8 37. Rxc8 Rxc8 38. Rxg7 Qb5 39. Rg1 Ng5 40. Nxf6 Rc2 41. Ng4 Nef3 42. Qf4 Qxb2 43. Qb8+ Kh7 44. Qb7+ Kh8 45. Qb8+ Kh7 46. Rf1 Rg2 47. Qb7+ 1-0

[Event "KAZ Cup Final (Women)"]
[Site "Almaty"]
[Date "2023.11.28"]
[Round "1.1"]
[White "Orazalina, Nursulu"]
[Black "Nurgaliyeva, Zarina"]
[Result "0-1"]
[WhiteElo "1429"]
[BlackElo "2104"]
[PlyCount "71"]
[EventDate "2023.11.28"]
[EventType "k.o."]
[EventRounds "4"]
[EventCountry "KAZ"]
[SourceTitle "CB49_2023"]
[SourceDate "2023.12.06"]
[SourceVersion "1"]
[SourceVersionDate "2023.12.06"]
[SourceQuality "1"]

1. e4 e5 2. Nf3 Nc6 3. Bb5 a6 4. Ba4 Nf6 5. d3 d6 6. 0-0 b5 7. Bb3 Na5 8. c3 Nxb3 9. Qxb3 Be7 10. d4 Bb7 11. dxe5 Nxe4 12. c4 0-0 13. cxb5 axb5 14. exd6 Bxd6 15. Be3 c5 16. Rd1 Qc7 17. h3 Bc6 18. Nbd2 c4 19. Qc2 Nxd2 20. Qxd2 Rfd8 21. Qe2 Qb7 22. Ne1 Bb4 23. Qg4 Be4 24. a3 Bf8 25. Bg5 Re8 26. Rd7 Qc6 27. Rad1 h6 28. Be3 Re6 29. Qf4 f5 30. Rd8 Re8 31. R8d7 Qg6 32. Qc7 Rac8 33. Qf4 Bc6 34. R7d2 Re4 35. Qh2 Rce8 36. Nc2 0-1

[Event "Wch U14 Girls"]
[Site "Montesilvano"]
[Date "2023.11.14"]
[Round "2"]
[White "Mueller, Riyanna"]
[Black "Nurgaliyeva, Zarina"]
[Result "0-1"]
[WhiteElo "1754"]
[BlackElo "2104"]
[PlyCount "46"]
[EventDate "2023.11.13"]
[EventType "swiss"]
[EventRounds "11"]
[EventCountry "ITA"]
[SourceTitle "CB48_2023"]
[SourceDate "2023.11.29"]
[SourceVersion "1"]
[SourceVersionDate "2023.11.29"]
[SourceQuality "1"]

1. e4 e5 2. Nf3 Nc6 3. Bc4 Nf6 4. d3 Bc5 5. c3 d6 6. 0-0 a5 7. Bb3 h6 8. Nbd2 0-0 9. a4 Be6 10. Bc2 Re8 11. Re1 Qd7 12. Nf1 d5 13. exd5 Bxd5 14. Be3 Bf8 15. Ng3 Rad8 16. d4 Bxf3 17. Qxf3 exd4 18. Bf5 Qd5 19. Qxd5 Rxd5 20. cxd4 Nxd4 21. Bxd4 Rxe1+ 22. Rxe1 Rxd4 23. b3 Bc5 0-1

[Event "Titled Tuesday intern op 26th Sep Early"]
[Site "Chess.com INT"]
[Date "2023.09.26"]
[Round "2"]
[White "Nurgaliyeva, Zarina"]
[Black "Schut, Han"]
[Result "1-0"]
[WhiteElo "2051"]
[BlackElo "2091"]
[PlyCount "37"]
[EventDate "2023.09.26"]
[EventType "swiss (blitz)"]
[EventRounds "11"]
[EventCountry "USA"]
[SourceTitle "EXT 2024"]
[Source "ChessBase"]
[SourceDate "2023.10.10"]
[SourceVersion "1"]
[SourceVersionDate "2023.10.10"]
[SourceQuality "1"]

1. c4 Nf6 2. Nc3 d5 3. cxd5 Nxd5 4. Nf3 c5 5. e3 Nc6 6. Bb5 Ndb4 7. d4 cxd4 8. exd4 a6 9. Bxc6+ Nxc6 10. d5 Nb8 11. 0-0 e6 12. dxe6 Bxe6 13. Nd4 Bd7 14. Re1+ Be7 15. Nd5 Be6 16. Nxe6 fxe6 17. Rxe6 Nc6 18. Bg5 Qd7 19. Bxe7 1-0

[Event "Titled Tuesday intern op 19th Sep Early"]
[Site "Chess.com INT"]
[Date "2023.09.19"]
[Round "3"]
[White "Nurgaliyeva, Zarina"]
[Black "Rohit, Krishna S"]
[Result "1-0"]
[WhiteElo "2051"]
[BlackElo "2429"]
[PlyCount "109"]
[EventDate "2023.09.19"]
[EventType "swiss (blitz)"]
[EventRounds "11"]
[EventCountry "USA"]
[SourceTitle "EXT 2024"]
[Source "ChessBase"]
[SourceDate "2023.10.10"]
[SourceVersion "1"]
[SourceVersionDate "2023.10.10"]
[SourceQuality "1"]

1. e4 e5 2. Nf3 Nc6 3. Nc3 Nf6 4. Bb5 Nd4 5. Bd3 d5 6. exd5 Bg4 7. Be2 Nxe2 8. Qxe2 Bd6 9. h3 Bh5 10. d3 0-0 11. 0-0 h6 12. Be3 Qd7 13. Ne4 Nxd5 14. Ng3 Bg6 15. c4 Nxe3 16. Qxe3 Rae8 17. c5 Be7 18. Nxe5 Qe6 19. Nxg6 Qxg6 20. Qe4 f5 21. Qxb7 c6 22. b4 Bh4 23. Kh2 Kh7 24. Rae1 Rb8 25. Qd7 Rxb4 26. Re6 Qg5 27. Qxc6 Rf4 28. Ne2 Rxf2 29. Rxf2 Bxf2 30. d4 f4 31. Qf3 Bh4 32. d5 Rf5 33. c6 Rxd5 34. c7 Bg3+ 35. Kh1 Rd1+ 36. Ng1 Rxg1+ 37. Kxg1 Qc5+ 38. Kf1 Qc1+ 39. Ke2 Qe1+ 40. Kd3 Qb1+ 41. Kd4 Qb4+ 42. Kd5 Qb7+ 43. Kd6 Qb6+ 44. Kd7 Qd4+ 45. Kc8 Qc4 46. Qe4+ Qxe4 47. Rxe4 f3 48. gxf3 h5 49. Kb7 Bxc7 50. Kxc7 Kg6 51. Kb7 Kf5 52. Kxa7 g5 53. Kb7 g4 54. hxg4+ hxg4 55. Rxg4 1-0

[Event "Titled Tuesday intern op 19th Sep Early"]
[Site "Chess.com INT"]
[Date "2023.09.19"]
[Round "2"]
[White "Vincenti, Leonardo"]
[Black "Nurgaliyeva, Zarina"]
[Result "0-1"]
[WhiteElo "2238"]
[BlackElo "2051"]
[PlyCount "114"]
[EventDate "2023.09.19"]
[EventType "swiss (blitz)"]
[EventRounds "11"]
[EventCountry "USA"]
[SourceTitle "EXT 2024"]
[Source "ChessBase"]
[SourceDate "2023.10.10"]
[SourceVersion "1"]
[SourceVersionDate "2023.10.10"]
[SourceQuality "1"]

1. d4 Nf6 2. c4 e6 3. Nc3 Bb4 4. Qc2 d5 5. cxd5 Qxd5 6. Nf3 Qf5 7. Qxf5 exf5 8. a3 Bxc3+ 9. bxc3 0-0 10. e3 Nc6 11. Bd3 Ne4 12. Bb2 a6 13. c4 Na5 14. Ke2 c6 15. a4 Be6 16. Rac1 b5 17. axb5 axb5 18. d5 cxd5 19. cxb5 Nb3 20. Rc7 Ra2 21. Rb1 Nbc5 22. Ne5 Nc3+ 23. Kf3 Nxb1 24. Rxc5 Rxb2 25. Nc6 g5 26. Ne7+ Kg7 27. Rc7 Nd2+ 28. Kg3 h5 29. h3 h4+ 30. Kh2 Rb3 31. Nxf5+ Bxf5 32. Bxf5 Rxb5 33. Bd3 Rb2 34. Rd7 Rfb8 35. Rxd5 Ra2 36. Rxg5+ Kf6 37. Rf5+ Ke6 38. Rh5 Ra1 39. Rxh4 Rb3 40. Be2 Nf1+ 41. Kg1 Ng3+ 42. Kh2 Nxe2 43. Re4+ Kf6 44. h4 Rbb1 45. Kh3 Rh1+ 46. Kg4 Rag1 47. Kf3 Nc3 48. Rf4+ Kg7 49. Rc4 Nd5 50. Rg4+ Kf8 51. Ke4 Nf6+ 52. Kf5 Nxg4 53. h5 Rxg2 54. h6 Rxh6 55. e4 Rxf2+ 56. Kxg4 Rg6+ 57. Kh5 Rh2# 0-1